La nouvelle Russie (notice n° 2198752)

détails MARC
000 -LEADER
fixed length control field 01120cam a2200133 4500500
005 - DATE AND TIME OF LATEST TRANSACTION
control field 20260405085604.0
041 ## - LANGUAGE CODE
Language code of text/sound track or separate title fre
042 ## - AUTHENTICATION CODE
Authentication code dc
100 10 - MAIN ENTRY--PERSONAL NAME
Personal name Radvanyi, Jean
Relator term author
245 00 - TITLE STATEMENT
Title La nouvelle Russie
260 ## - PUBLICATION, DISTRIBUTION, ETC.
Name of publisher, distributor, etc. Armand Colin,<br/>
Date of publication, distribution, etc. 2010.<br/>
520 ## - SUMMARY, ETC.
Summary, etc. L’ouvrage de référence en géographie pour la Russie, selon un structure classique: géographie générale&amp;#8239;; gégraphie régionale. L’auteur traite en profondeur d’une part la géographie physique, les populations, la transition socio-politique depuis 15 ans&amp;#8239;; les secteurs primaire, secondaire et tertiaire, les transports, les échanges extérieurs. Il traite d’autre part les 7 régions majeures (Moscou et les régions centrales&amp;#8239;; la fenêtre maritime entre Baltique et mer Blanche&amp;#8239;; les Terres noires et le Caucase&amp;#8239;; la double région charnière Volga/Oural&amp;#8239;; la Russie d’Asie&amp;#8239;; la Sibériade&amp;#8239;; l’Extrême-Orient et les régions du Pacifique).
856 41 - ELECTRONIC LOCATION AND ACCESS
Uniform Resource Identifier <a href="https://shs.cairn.info/la-nouvelle-russie--9782200254650?lang=fr&redirect-ssocas=7080">https://shs.cairn.info/la-nouvelle-russie--9782200254650?lang=fr&redirect-ssocas=7080</a>

Pas d'exemplaire disponible.

PLUDOC

PLUDOC est la plateforme unique et centralisée de gestion des bibliothèques physiques et numériques de Guinée administré par le CEDUST. Elle est la plus grande base de données de ressources documentaires pour les Étudiants, Enseignants chercheurs et Chercheurs de Guinée.

Adresse

627 919 101/664 919 101

25 boulevard du commerce
Kaloum, Conakry, Guinée

Réseaux sociaux

Powered by Netsen Group @ 2025